00231nam a2200097 a 450000500170000000800410001705000170005824500250007565000090010065000240010920141022142000.0090305s19uu xx 00 eng d aVHSbN66 REP aNoli Me Tangere 1&2. aVHS. aNoli Me Tangere 1&2